| 000 | 00460nam a22001697a 4500 | ||
|---|---|---|---|
| 003 | NUST - PNEC | ||
| 005 | 20170116180758.0 | ||
| 008 | 150409b xxu||||| |||| 00| 0 eng d | ||
| 040 | _cLIBRARY | ||
| 082 | _a297.92 AKH | ||
| 100 |
_92297 _aAkhtar, Nawaz |
||
| 245 |
_a 30 Musalman akabreen _cDr. Akhtar Nawaz Khan |
||
| 260 |
_aHari Pur, _bAl Kalm Publications, |
||
| 300 |
_a320 p.: _c22 cm. |
||
| 650 |
_92298 _aIslam, akabreen _xGeneral |
||
| 942 |
_2ddc _cBK |
||
| 999 |
_c62843 _d62843 |
||